000 00461cam a2200169ua 4500
020 _c1.75
041 _amal
_h
082 _a894.812301
_bCHE/KA
100 _aChellappan Nair, N.P .
245 _aKakkakalum kakkathampurattikalum /
_cN.P. Chellappan Nair.
_hTextual Documents
260 _aKottayam :
_bSahitya Pravarthaka Co-operative Society ,
_c1962.
300 _a146 ; .
365 _a1.75
504 _a
942 _cBK
999 _c12013
_d12013